Prosazujeme potřeby a zájmy malého a středního stavu.

Rozhovor s J. Suhradom, členom predstavenstva Združenia podnikateľov ČR (ZPČR). Ciele a spôsob práce ZPČR. Kritika hospodárskej politiky vlády. Vzťah medzi ZPČR a ČSOPK. Prístup zahraničného kapitálu a ochrana našich podnikov a výrobkov.

Gespeichert in:
Bibliographische Detailangaben
1. Verfasser: Suhrada, J.
Weitere Verfasser: Přibyl, P.
Format: Buchkapitel
Sprache:Tschechisch
Schlagworte:
Tags: Tag hinzufügen
Keine Tags, Fügen Sie das erste Tag hinzu!

MARC

LEADER 00000naa a2200000 4500
001 r007519
005 20220831085252.1
041 0 |a cze 
044 |a [CS] 
245 1 0 |a Prosazujeme potřeby a zájmy malého a středního stavu.  |c J. Suhrada, P. Přibyl 
520 |a Rozhovor s J. Suhradom, členom predstavenstva Združenia podnikateľov ČR (ZPČR). Ciele a spôsob práce ZPČR. Kritika hospodárskej politiky vlády. Vzťah medzi ZPČR a ČSOPK. Prístup zahraničného kapitálu a ochrana našich podnikov a výrobkov. 
610 2 0 |a podnikatelia 
610 2 0 |a politika hospodárska 
610 2 0 |a Čechy 
610 2 0 |a kapitál zahraničný 
100 1 |a Suhrada, J. 
700 1 |a Přibyl, P.